000
00264 a2200097 4500
001
32960
100
_a
Gerstner,W
245
_a
Spiking Neuron Models:Single Neurons,Populations,Plasticity
260
_a
UK
_b
Cambridge University Press
_c
2002
090
_c
22116
_d
22116
942
_a
NUST-CAE
_c
M
_c
13466
999
_c
268033
_d
268033